Information technology the catalyst for change

Bibliographic Details
Format: Book
Published: London : W.H.Allen , 1990
Subjects:

MARC

LEADER 00000cam a2200000 7i4500
001 0000005373
002 000005804
005 20090424.0
020 |a 1852510420 
090 0 0 |a 650.0285   |b INF 
245 0 0 |a Information technology the catalyst for change   |c Consulting Group 
260 |a London :   |b W.H.Allen ,   |c 1990 
300 |a 214p. ;   |c 25cm. 
650 0 0 |a Business firm   |x Computer systems 
650 0 0 |a Technology 
999 |a 031459   |b BUKU   |c PINJAMAN   |e PERPUSTAKAAN KOMUNITI PETALING JAYA 
999 |a 031460   |b BUKU   |c PINJAMAN   |e PERPUSTAKAAN KOMUNITI PETALING JAYA